[Event "Catalunya-chT Gp2"]
[Site "Barcelona"]
[Date "2024.02.10"]
[Round "4.8"]
[White "Ramirez Carrizo, Victor Jose"]
[Black "Toquero Gracia, Pau"]
[Result "0-1"]
[WhiteElo "2182"]
[BlackElo "1993"]
[PlyCount "88"]
[EventDate "2024.01.20"]
[EventType "team-tourn"]
[EventRounds "7"]
[EventCountry "ESP"]
[SourceTitle "CB11_2024"]
[SourceDate "2024.03.13"]
[SourceVersion "1"]
[SourceVersionDate "2024.03.13"]
[SourceQuality "1"]
[WhiteTeam "Barbera"]
[BlackTeam "Vila Olimpica"]
[WhiteTeamCountry "ESP"]
[BlackTeamCountry "ESP"]

1. e4 c5 2. Nc3 a6 3. g3 b5 4. Bg2 Bb7 5. Nge2 e6 6. d4 cxd4 7. Nxd4 d6 8. 0-0 Qc7 9. Re1 Nd7 10. a4 bxa4 11. Rxa4 e5 12. Nf5 Ngf6 13. Bg5 g6 14. Nh6 Be7 15. Qf3 Kf8 16. Nd5 Bxd5 17. exd5 Kg7 18. Rh4 Ra7 19. Nf5+ gxf5 20. Bh6+ Kg8 21. Qxf5 Nf8 22. f4 e4 23. Bg5 Qd7 24. Bxe4 Nxe4 25. Qxe4 Ng6 26. Rh5 f6 27. Bh6 Qg4 28. Rf5 Nf8 29. Bxf8 Kxf8 30. Qe6 Qg7 31. Qc8+ Kf7 32. Qe6+ Kf8 33. Rg5 Qf7 34. Qc8+ Qe8 35. Qh3 fxg5 36. Qh6+ Kg8 37. fxg5 Qg6 38. Qh4 Rc7 39. c4 Bxg5 40. Qd4 Bf6 41. Qb6 Rf7 42. Re6 Kg7 43. Qxd6 Bd4+ 44. Kg2 Rf2+ 0-1

[Event "Catalunya-ch U18/20"]
[Site "Salou"]
[Date "2021.03.28"]
[Round "3"]
[White "Alvarez Albiol, Victor"]
[Black "Toquero Gracia, Pau"]
[Result "1-0"]
[WhiteElo "2246"]
[BlackElo "2042"]
[PlyCount "77"]
[EventDate "2021.03.27"]
[EventType "swiss"]
[EventRounds "9"]
[EventCountry "ESP"]
[SourceTitle "CBM 202 Extra"]
[Source "ChessBase"]
[SourceDate "2021.07.31"]
[SourceVersion "1"]
[SourceVersionDate "2021.07.31"]
[SourceQuality "1"]

1. e4 c5 2. Nf3 d6 3. d4 cxd4 4. Nxd4 Nf6 5. Nc3 a6 6. Be3 e5 7. Nf3 b5 8. a4 b4 9. Nd5 Nbd7 10. Bc4 Nxe4 11. Nxb4 Bb7 12. Bd5 Qa5 13. 0-0 Bxd5 14. Nxd5 Nef6 15. Nxf6+ Nxf6 16. Bg5 Qd5 17. Qe2 Qe4 18. Qd2 Be7 19. Bxf6 gxf6 20. Rfe1 Qc6 21. Nh4 Rg8 22. g3 Rg5 23. Qd3 Rc8 24. Nf5 Qxc2 25. Nxd6+ Bxd6 26. Qxd6 Rf5 27. Rf1 Qc6 28. Qd3 e4 29. Qe3 Re5 30. Rfd1 Qb7 31. Rd2 Qe7 32. Rad1 Qc5 33. Rd4 f5 34. Qg5 Qc7 35. Qf6 e3 36. fxe3 Rxe3 37. Qh8+ Ke7 38. Rd7+ Ke6 39. R1d6+ 1-0

[Event "Sant Andreu CM"]
[Site "Barcelona"]
[Date "2019.11.16"]
[Round "8"]
[White "Toquero Gracia, Pau"]
[Black "Garcia Playa, David"]
[Result "1-0"]
[WhiteElo "2042"]
[BlackElo "2105"]
[PlyCount "95"]
[EventDate "2019.09.14"]
[EventType "tourn"]
[EventRounds "9"]
[EventCountry "ESP"]
[SourceTitle "CBM 195 Extra"]
[Source "ChessBase"]
[SourceDate "2020.05.31"]
[SourceVersion "1"]
[SourceVersionDate "2020.05.31"]
[SourceQuality "1"]

1. e4 c6 2. d4 d5 3. exd5 cxd5 4. Bd3 Nc6 5. c3 Nf6 6. Bf4 Bg4 7. Qb3 Qc8 8. Nd2 e6 9. h3 Bh5 10. Ngf3 Be7 11. 0-0 0-0 12. Ne5 Nxe5 13. Bxe5 Bg6 14. Bxf6 Bxf6 15. Bxg6 hxg6 16. Nf3 Qd7 17. Rae1 b5 18. Ne5 Bxe5 19. Rxe5 a5 20. a3 Rab8 21. h4 Qd8 22. h5 gxh5 23. Rxh5 g6 24. Re5 Kg7 25. g3 Rh8 26. Kg2 Qg8 27. Ree1 Qd8 28. Rh1 Qf6 29. Qc2 b4 30. axb4 axb4 31. Rxh8 Rxh8 32. Rh1 Rxh1 33. Kxh1 bxc3 34. bxc3 Qf3+ 35. Kg1 g5 36. c4 dxc4 37. Qxc4 Kg6 38. Qc2+ Kh6 39. Qc5 Kh5 40. Qe5 Kg4 41. Qe1 Qd3 42. Qe5 Qd1+ 43. Kg2 Qf3+ 44. Kg1 Qd5 45. Qe2+ Kf5 46. Qd3+ Qe4 47. g4+ Kf4 48. Qg3# 1-0

[Event "ESP-ch rapid"]
[Site "Linares"]
[Date "2019.08.24"]
[Round "3"]
[White "Toquero Gracia, Pau"]
[Black "Calzetta Ruiz, Monica"]
[Result "1-0"]
[WhiteElo "2080"]
[BlackElo "2257"]
[PlyCount "59"]
[EventDate "2019.08.24"]
[EventType "swiss (rapid)"]
[EventRounds "9"]
[EventCountry "ESP"]
[SourceTitle "EXT 2020"]
[Source "ChessBase"]
[SourceDate "2019.10.17"]
[SourceVersion "1"]
[SourceVersionDate "2019.10.17"]
[SourceQuality "1"]

1. e4 c5 2. Nf3 Nc6 3. c3 d5 4. exd5 Qxd5 5. d4 g6 6. Be2 Bg7 7. dxc5 Qxc5 8. Be3 Qa5 9. Nbd2 Nf6 10. Nb3 Qc7 11. h3 0-0 12. 0-0 Bf5 13. Qc1 Rfd8 14. Bh6 e5 15. Bxg7 Kxg7 16. Nfd2 Nd5 17. Bf3 Nf4 18. Nc5 Qe7 19. Nce4 Rd3 20. Qe1 Bxh3 21. gxh3 Qh4 22. Ng3 Nxh3+ 23. Kg2 Nf4+ 24. Kg1 Nh3+ 25. Kg2 Nf4+ 26. Kg1 Rxf3 27. Nxf3 Qh3 28. Nh4 Qxh4 29. Qe4 Rd8 30. Rad1 1-0

[Event "EU-ch U18"]
[Site "Bratislava"]
[Date "2019.08.10"]
[Round "9"]
[White "Marzo Pie, Xavier"]
[Black "Toquero Gracia, Pau"]
[Result "1-0"]
[WhiteElo "2174"]
[BlackElo "2080"]
[PlyCount "71"]
[EventDate "2019.08.02"]
[EventType "swiss"]
[EventRounds "9"]
[EventCountry "SVK"]
[SourceTitle "CBM 191 Extra"]
[Source "ChessBase"]
[SourceDate "2019.09.30"]
[SourceVersion "1"]
[SourceVersionDate "2019.09.30"]
[SourceQuality "1"]

1. d4 d6 2. c4 e5 3. d5 f5 4. e4 Nf6 5. Nc3 Nxe4 6. Nxe4 fxe4 7. Ne2 Nd7 8. Ng3 Nf6 9. Bg5 Be7 10. Bxf6 Bxf6 11. Nxe4 Bf5 12. Bd3 Bxe4 13. Bxe4 Qd7 14. Qc2 g6 15. 0-0-0 Ke7 16. Kb1 a5 17. h4 Qg4 18. f3 Qf4 19. h5 Qg5 20. c5 Kf7 21. cxd6 cxd6 22. Qc7+ Be7 23. g4 Kg7 24. hxg6 hxg6 25. Rxh8 Rxh8 26. Qxb7 Rh2 27. Qa7 Qh4 28. Qxa5 Qf2 29. Qc3 Bd8 30. Bc2 Bb6 31. Qd3 Bd4 32. Qxg6+ Kf8 33. Qxd6+ Kg8 34. Qg6+ Kf8 35. d6 Bxb2 36. d7 1-0

[Event "EU-ch U18"]
[Site "Bratislava"]
[Date "2019.08.02"]
[Round "1"]
[White "Toquero Gracia, Pau"]
[Black "Kozak, Antoni"]
[Result "1/2-1/2"]
[WhiteElo "2080"]
[BlackElo "2354"]
[PlyCount "120"]
[EventDate "2019.08.02"]
[EventType "swiss"]
[EventRounds "9"]
[EventCountry "SVK"]
[SourceTitle "CBM 191 Extra"]
[Source "ChessBase"]
[SourceDate "2019.09.30"]
[SourceVersion "1"]
[SourceVersionDate "2019.09.30"]
[SourceQuality "1"]

1. e4 c5 2. Nf3 e6 3. c3 d5 4. exd5 Qxd5 5. d4 Nc6 6. Be2 Nf6 7. 0-0 cxd4 8. cxd4 Be7 9. Nc3 Qa5 10. Qb3 0-0 11. Bf4 Qb4 12. Qxb4 Nxb4 13. a3 Nbd5 14. Bg5 Nxc3 15. bxc3 b6 16. Ne5 Bb7 17. Nd7 Rfc8 18. Nxf6+ Bxf6 19. Bd2 Bd5 20. Rac1 Bc4 21. Bf3 Bxf1 22. Bxa8 Bd3 23. Bb7 Rd8 24. Re1 Bb5 25. Bf4 Be7 26. Ra1 Bc4 27. a4 g5 28. Be3 Rd7 29. Bf3 h6 30. g3 Rc7 31. a5 bxa5 32. Rxa5 a6 33. h4 gxh4 34. Bxh6 Bb5 35. Bd2 hxg3 36. fxg3 Ra7 37. Kf2 Bd8 38. Ra1 a5 39. Be2 Bc6 40. Bf3 Bb5 41. Be2 Bd7 42. c4 a4 43. Bf3 Bc7 44. c5 Bb5 45. c6 Bd6 46. Bf4 Bxf4 47. gxf4 Kf8 48. Rc1 Ba6 49. d5 Ke7 50. Ke3 Kd6 51. Kd4 Bb5 52. dxe6 fxe6 53. c7 Rxc7 54. Rxc7 Kxc7 55. Kc3 Bc6 56. Bg4 Bd5 57. Kb2 Kd6 58. Ka1 e5 59. fxe5+ Kxe5 60. Bd1 Bb3 1/2-1/2

[Event "ESP-ch U18"]
[Site "Salobrena"]
[Date "2019.07.27"]
[Round "9"]
[White "Pomet Polo, Celia"]
[Black "Toquero Gracia, Pau"]
[Result "1/2-1/2"]
[WhiteElo "1723"]
[BlackElo "2080"]
[PlyCount "64"]
[EventDate "2019.07.22"]
[EventType "swiss"]
[EventRounds "9"]
[EventCountry "ESP"]
[SourceTitle "CBM 191 Extra"]
[Source "ChessBase"]
[SourceDate "2019.09.30"]
[SourceVersion "1"]
[SourceVersionDate "2019.09.30"]
[SourceQuality "1"]

1. d4 d6 2. c4 e5 3. dxe5 dxe5 4. Qxd8+ Kxd8 5. Nc3 c6 6. Bg5+ f6 7. 0-0-0+ Kc7 8. Bh4 Be6 9. e4 h5 10. f3 Bc5 11. Be1 Nd7 12. h4 Nb6 13. b3 Ne7 14. Nh3 Ng6 15. Bf2 Be7 16. g3 Rad8 17. Be3 Bb4 18. Rxd8 Rxd8 19. Kc2 Nd7 20. Nf2 Bc5 21. Bxc5 Nxc5 22. Nd3 Nxd3 23. Bxd3 Rf8 24. Kd2 Rd8 25. Ke3 Nf8 26. Rd1 Bf7 27. f4 Ne6 28. Bb1 Rxd1 29. Nxd1 a5 30. Nc3 Nc5 31. Bc2 Nd7 32. Bd1 b6 1/2-1/2

[Event "ESP-ch U18"]
[Site "Salobrena"]
[Date "2019.07.25"]
[Round "6"]
[White "Toquero Gracia, Pau"]
[Black "Gil Ojeda, Jorge"]
[Result "0-1"]
[WhiteElo "2080"]
[BlackElo "1922"]
[PlyCount "102"]
[EventDate "2019.07.22"]
[EventType "swiss"]
[EventRounds "9"]
[EventCountry "ESP"]
[SourceTitle "CBM 191 Extra"]
[Source "ChessBase"]
[SourceDate "2019.09.30"]
[SourceVersion "1"]
[SourceVersionDate "2019.09.30"]
[SourceQuality "1"]

1. e4 c5 2. Nf3 d6 3. d4 cxd4 4. Qxd4 a6 5. Bc4 Nc6 6. Qd1 Nf6 7. Qe2 g6 8. c3 Bg7 9. h3 0-0 10. 0-0 Qc7 11. Bb3 Nd7 12. Be3 Nc5 13. Bc2 b5 14. Nd4 Bb7 15. Nxc6 Bxc6 16. Nd2 Qb7 17. Bd4 e5 18. Bxc5 dxc5 19. Nb3 Qe7 20. Rfd1 Rad8 21. Qe3 c4 22. Na5 Ba8 23. Qb6 Qf6 24. Qc7 h5 25. a4 Kh7 26. axb5 axb5 27. Qc5 Qa6 28. Qa3 Qb6 29. Qb4 Qb8 30. Qe7 Kg8 31. b3 Qb6 32. Qb4 cxb3 33. Nxb3 Rfe8 34. c4 Bf8 35. Qxb5 Qf6 36. c5 Bc6 37. Qe2 Rb8 38. Qf3 Qe7 39. Qc3 Rec8 40. Bd3 Kh7 41. Bc4 Bxe4 42. Re1 f5 43. f3 Bc6 44. Rxe5 Qf6 45. f4 Re8 46. Ra7+ Kh6 47. Qe3 Be4 48. Rf7 Qd8 49. Nd4 Bg7 50. Rxe8 Bxd4 51. Rxe4 fxe4 0-1

[Event "ESP-ch U18"]
[Site "Salobrena"]
[Date "2019.07.24"]
[Round "5"]
[White "Gomez Sanjuan, Hector Fernando"]
[Black "Toquero Gracia, Pau"]
[Result "1-0"]
[WhiteElo "2236"]
[BlackElo "2080"]
[PlyCount "85"]
[EventDate "2019.07.22"]
[EventType "swiss"]
[EventRounds "9"]
[EventCountry "ESP"]
[SourceTitle "CBM 191 Extra"]
[Source "ChessBase"]
[SourceDate "2019.09.30"]
[SourceVersion "1"]
[SourceVersionDate "2019.09.30"]
[SourceQuality "1"]

1. d4 d6 2. e4 Nf6 3. Nc3 c6 4. Nf3 Bg4 5. a4 Nbd7 6. Bc4 e5 7. Be3 Qa5 8. 0-0 exd4 9. Bxd4 Qh5 10. Be2 Ne5 11. Nxe5 dxe5 12. Bxg4 Nxg4 13. Bxe5 Bb4 14. Bg3 Qg5 15. Qc1 Qxc1 16. Raxc1 Bxc3 17. bxc3 0-0-0 18. Rfd1 Rxd1+ 19. Rxd1 Re8 20. Rd4 Ne5 21. f3 a6 22. a5 Nd7 23. Kf2 Nf8 24. Ke3 Ne6 25. Rd6 Nc7 26. c4 Ne6 27. h4 Nc5 28. Bh2 Nd7 29. Kd4 Nf8 30. g4 Re6 31. g5 Rxd6+ 32. Bxd6 Ng6 33. h5 Nh4 34. Ke3 h6 35. gxh6 gxh6 36. Bg3 Ng6 37. hxg6 fxg6 38. Be5 Kd7 39. Bg7 h5 40. Kf4 b6 41. axb6 a5 42. e5 a4 43. e6+ 1-0

[Event "EU-ch U18 28th"]
[Site "Riga"]
[Date "2018.08.21"]
[Round "2"]
[White "Kevlishvili, Robby"]
[Black "Toquero Gracia, Pau"]
[Result "1-0"]
[WhiteElo "2497"]
[BlackElo "2071"]
[PlyCount "55"]
[EventDate "2018.08.20"]
[EventType "swiss"]
[EventRounds "9"]
[EventCountry "LAT"]
[SourceTitle "CBM 186 Extra"]
[Source "ChessBase"]
[SourceDate "2018.08.24"]
[SourceVersion "1"]
[SourceVersionDate "2018.08.24"]
[SourceQuality "1"]

1. e4 c6 2. d4 d6 3. Nc3 Nd7 4. g3 e5 5. Nge2 Ngf6 6. Bg2 Be7 7. a4 Qc7 8. h3 Nf8 9. Be3 Ng6 10. Qd2 Bd7 11. f4 exf4 12. Nxf4 Nxf4 13. gxf4 g6 14. Bf3 Be6 15. 0-0-0 d5 16. f5 gxf5 17. Bf4 Qd7 18. exd5 Nxd5 19. Bxd5 Bxd5 20. Rhe1 Kd8 21. Nxd5 Qxd5 22. Rxe7 Kxe7 23. Qb4+ Kf6 24. Be5+ Kg6 25. Rg1+ Kh5 26. Qd2 Rag8 27. Qe2+ Kh4 28. Bf6+ 1-0

[Event "La Pobla de Lillet op-A 28th"]
[Site "La Pobla de Lillet"]
[Date "2018.08.04"]
[Round "4"]
[White "Masachs Vendrell, Francesco"]
[Black "Toquero Gracia, Pau"]
[Result "1/2-1/2"]
[WhiteElo "1969"]
[BlackElo "2071"]
[PlyCount "55"]
[EventDate "2018.08.01"]
[EventType "swiss"]
[EventRounds "9"]
[EventCountry "ESP"]
[SourceTitle "CBM 185 Extra"]
[Source "ChessBase"]
[SourceDate "2018.07.29"]
[SourceVersion "1"]
[SourceVersionDate "2018.07.29"]
[SourceQuality "1"]

1. d4 d6 2. Bf4 c6 3. c3 Nd7 4. Nf3 Ngf6 5. e3 Nh5 6. Bg5 Qb6 7. Qb3 Qxb3 8. axb3 e5 9. Nbd2 exd4 10. exd4 d5 11. Be2 h6 12. Bh4 Nf4 13. Bg3 Nxe2 14. Kxe2 Be7 15. Rhe1 Nf6 16. Kf1 Be6 17. Ne5 0-0 18. Ng6 Rfe8 19. Nxe7+ Rxe7 20. Be5 Ng4 21. Bd6 Rd7 22. Bg3 a6 23. h3 Nf6 24. Be5 Nh7 25. b4 Re8 26. g4 Rde7 27. Bd6 Rd7 28. Be5 1/2-1/2

[Event "Llinars del Valles op-A 12th"]
[Site "Llinars del Valles"]
[Date "2018.06.02"]
[Round "7"]
[White "Jimenez Ruano, Adrian"]
[Black "Toquero Gracia, Pau"]
[Result "1/2-1/2"]
[WhiteElo "2216"]
[BlackElo "2007"]
[PlyCount "97"]
[EventDate "2018.04.14"]
[EventType "swiss"]
[EventRounds "8"]
[EventCountry "ESP"]
[SourceTitle "CBM 184 Extra"]
[Source "ChessBase"]
[SourceDate "2018.06.28"]
[SourceVersion "1"]
[SourceVersionDate "2018.06.28"]
[SourceQuality "1"]

1. d4 d6 2. Nf3 Bg4 3. c4 Nd7 4. Nc3 c6 5. g3 e5 6. Bg2 Ngf6 7. d5 Qc7 8. 0-0 Be7 9. Nd2 cxd5 10. Nxd5 Nxd5 11. cxd5 Rc8 12. f3 Bf5 13. e4 Bg6 14. Nb1 Qc5+ 15. Kh1 h5 16. h3 f5 17. Nc3 0-0 18. exf5 Bxf5 19. Qe2 Qc4 20. Qf2 Nc5 21. Rd1 Nd3 22. Qd2 Qd4 23. Kh2 Qf2 24. Qxf2 Nxf2 25. Rd2 Nd3 26. h4 g5 27. Rxd3 Bxd3 28. hxg5 b5 29. a3 a5 30. f4 b4 31. axb4 axb4 32. Be4 bxc3 33. Bxd3 cxb2 34. Bxb2 Rb8 35. Bc1 Ra8 36. Rb1 Rfb8 37. Rxb8+ Rxb8 38. Kh3 Rb3 39. Bf5 Rf3 40. Bd2 Rf2 41. Be3 Re2 42. Bb6 Rb2 43. Bc7 exf4 44. gxf4 Rb4 45. Be6+ Kg7 46. f5 Bxg5 47. Bxd6 Rb3+ 48. Kg2 Bf6 49. Bc7 1/2-1/2

[Event "La Pobla de Lillet op 26th"]
[Site "La Pobla de Lillet"]
[Date "2016.08.03"]
[Round "2.9"]
[White "Toquero Gracia, Pau"]
[Black "Capellades Subirana, Marc"]
[Result "0-1"]
[WhiteElo "1940"]
[BlackElo "2148"]
[PlyCount "86"]
[EventDate "2016.08.02"]
[EventType "swiss"]
[EventRounds "9"]
[EventCountry "ESP"]
[SourceTitle "EXT 2024"]
[Source "ChessBase"]
[SourceDate "2023.10.10"]
[SourceVersion "1"]
[SourceVersionDate "2023.10.10"]
[SourceQuality "1"]

1. e4 e5 2. Nf3 Nc6 3. Bb5 a6 4. Ba4 Nge7 5. c3 g6 6. 0-0 Bg7 7. Re1 0-0 8. d3 h6 9. Nbd2 Kh7 10. Nf1 d6 11. Ng3 f5 12. exf5 Nxf5 13. Bc2 Nce7 14. d4 exd4 15. Nxd4 Nxd4 16. cxd4 Nf5 17. Nxf5 Bxf5 18. Be3 Qh4 19. Rc1 c6 20. g3 Qh3 21. Qe2 Rae8 22. Qd2 Be6 23. Qd3 Rf6 24. Qf1 Qh5 25. Qe2 Bg4 26. Qd3 Bh3 27. f4 Qd5 28. Qd2 Qxa2 29. b3 Bf5 30. Bxf5 Qxd2 31. Bxg6+ Rxg6 32. Bxd2 Bxd4+ 33. Kg2 Rge6 34. Kf3 d5 35. Rxe6 Rxe6 36. Re1 Rxe1 37. Bxe1 c5 38. g4 b5 39. Ke2 Bg1 40. h3 c4 41. b4 d4 42. Bf2 d3+ 43. Ke3 d2 0-1

[Event "Roncana op-A 9th"]
[Site "Santa Eulalia de Roncana"]
[Date "2015.11.14"]
[Round "6"]
[White "Ayats Llobera, Gerard"]
[Black "Toquero Gracia, Pau"]
[Result "1-0"]
[WhiteElo "2188"]
[BlackElo "2095"]
[PlyCount "41"]
[EventDate "2015.10.03"]
[EventType "swiss"]
[EventRounds "8"]
[EventCountry "ESP"]
[SourceTitle "EXT 2017"]
[Source "ChessBase"]
[SourceDate "2016.10.25"]
[SourceVersion "1"]
[SourceVersionDate "2016.10.25"]
[SourceQuality "1"]

1. d4 Nf6 2. c4 b6 3. Nf3 Bb7 4. g3 e6 5. Bg2 c5 6. d5 exd5 7. cxd5 Bxd5 8. Nc3 Bb7 9. e4 Nxe4 10. Nxe4 Bxe4 11. Qe2 Qe7 12. 0-0 Bb7 13. Qd1 Qd8 14. Re1+ Be7 15. Nh4 Bxg2 16. Nf5 Kf8 17. Rxe7 Nc6 18. Bg5 Qb8 19. Kxg2 Nxe7 20. Bxe7+ Kg8 21. Nh6+ 1-0

[Event "La Pobla de Lillet op 25th A"]
[Site "La Pobla de Lillet"]
[Date "2015.08.04"]
[Round "4.10"]
[White "Toquero Gracia, Pau"]
[Black "Sanpera Bonet, Juan Carlos"]
[Result "1/2-1/2"]
[WhiteElo "1775"]
[BlackElo "2080"]
[PlyCount "90"]
[EventDate "2015.08.01"]
[EventType "swiss"]
[EventRounds "9"]
[EventCountry "ESP"]
[SourceTitle "EXT 2024"]
[Source "ChessBase"]
[SourceDate "2023.10.10"]
[SourceVersion "1"]
[SourceVersionDate "2023.10.10"]
[SourceQuality "1"]

1. e4 d6 2. d4 Nf6 3. Nc3 Nc6 4. d5 Nb8 5. Bd3 c6 6. dxc6 Nxc6 7. Nge2 g6 8. Bg5 Bg7 9. Qd2 h6 10. Bf4 e5 11. Bg3 0-0 12. 0-0-0 Be6 13. Bb5 Nd4 14. Nxd4 exd4 15. Qxd4 Nd5 16. e5 Nxc3 17. Qxc3 Qb6 18. Ba4 Rac8 19. Rxd6 Rxc3 20. Rxb6 Rxg3 21. Rxe6 Rxg2 22. Re7 Rxf2 23. Bb3 b5 24. h3 a5 25. e6 fxe6 26. Bxe6+ Kh8 27. Bg4 Rf1+ 28. Re1 Rxh1 29. Rxh1 b4 30. Re1 a4 31. Bd7 a3 32. bxa3 bxa3 33. Re8 Rxe8 34. Bxe8 Bc3 35. Bxg6 Kg7 36. Be8 Kf6 37. Kd1 Ke5 38. Ke2 Kd4 39. Bf7 Bb2 40. Kf3 Kc3 41. Bb3 Bc1 42. Ke4 Bb2 43. Kf5 Bc1 44. Kg6 Bd2 45. h4 Bc1 1/2-1/2

[Event "Llinars del Valles op-B 8th"]
[Site "Llinars del Valles"]
[Date "2014.05.17"]
[Round "4"]
[White "Panella Gene, Jesus"]
[Black "Toquero Gracia, Pau"]
[Result "0-1"]
[WhiteElo "1778"]
[BlackElo "1861"]
[PlyCount "130"]
[EventDate "2014.04.26"]
[EventType "swiss"]
[EventRounds "8"]
[EventCountry "ESP"]
[SourceTitle "EXT 2015"]
[Source "ChessBase"]
[SourceDate "2014.11.20"]
[SourceVersion "1"]
[SourceVersionDate "2014.11.20"]
[SourceQuality "1"]

1. e4 c5 2. Nf3 d6 3. d4 cxd4 4. Nxd4 Nf6 5. Nc3 a6 6. Be2 e6 7. 0-0 b5 8. a3 Bb7 9. Bf3 Nbd7 10. Re1 Rc8 11. Bg5 Be7 12. Be3 Nc5 13. Bd2 0-0 14. Nb3 Nfd7 15. Nxc5 Nxc5 16. Qe2 Bf6 17. Rad1 Qc7 18. Qe3 h6 19. Qf4 Bg5 20. Qg3 Bxd2 21. Rxd2 Rfd8 22. Red1 e5 23. h3 Ne6 24. Bg4 Qd7 25. Nd5 Rc5 26. c3 Kf8 27. Qe3 Qe8 28. f4 Bxd5 29. Rxd5 Rxd5 30. Rxd5 Nxf4 31. Rd1 Qc6 32. g3 Ng6 33. Bf5 Ne7 34. Qf3 Nxf5 35. Qxf5 Qc5+ 36. Kg2 Qe3 37. Rf1 f6 38. Rf3 Qe2+ 39. Rf2 Qc4 40. h4 d5 41. Qxe5 Qxe4+ 42. Qxe4 dxe4 43. g4 Kf7 44. Kg3 g5 45. Re2 Rd3+ 46. Kg2 gxh4 47. Rxe4 Rd2+ 48. Kh3 Rxb2 49. Kxh4 Rb3 50. a4 Rxc3 51. axb5 axb5 52. Rb4 Rc5 53. Kg3 Kg7 54. Rb1 Kf7 55. Kf3 Rc3+ 56. Kf4 Rc4+ 57. Kf5 b4 58. g5 fxg5 59. Rh1 Rc6 60. Rb1 Rc5+ 61. Kg4 Rc4+ 62. Kg3 Rc3+ 63. Kg4 b3 64. Kh5 Kg7 65. Rxb3 Rxb3 0-1